|
|
|
|
| LEADER |
00000nam0a2200000 4500 |
| 001 |
674814 |
| 005 |
20241106113723.0 |
| 010 |
|
|
|a 978-5-600-03352-8
|
| 090 |
|
|
|a 674814
|
| 100 |
|
|
|a 20240923d2022 km|y0rusy50 ca
|
| 101 |
0 |
|
|a rus
|
| 102 |
|
|
|a RU
|
| 105 |
|
|
|a y z 001yy
|
| 181 |
|
0 |
|a i
|b e
|
| 182 |
|
0 |
|a n
|
| 183 |
|
0 |
|a nc
|2 RDAcarrier
|
| 200 |
1 |
|
|a Великорусская социоматериальная матрёшка. Проектный подход к будущему
|f Сергей Макаров
|
| 203 |
|
|
|a Текст
|b визуальный
|c непосредственный
|
| 210 |
|
|
|a Москва
|c Макаров С.
|d 2022
|
| 215 |
|
|
|a 416 с.
|
| 283 |
|
|
|a volume
|2 RDAcarrier
|
| 320 |
|
|
|a Библиогр. в тексте
|
| 330 |
|
|
|a Это книга о проектном подходе к моделированию желаемого будущего. О сложных самоорганизующихся социоматериальных системах, в числе которых Россия. О том, что наша национальная идея — это судьба, выбранная предками. Анализируя различные проекты, мы делаем выводы о роли и целях великорусского, русско-российского, русского, евразийского народов в объединяющемся мире.
|
| 606 |
1 |
|
|a Социальное развитие
|x Социология
|y Россия
|y СССР
|9 58653
|
| 610 |
1 |
|
|a социологиия
|
| 610 |
1 |
|
|a будущее
|
| 610 |
1 |
|
|a социометрические системы
|
| 610 |
1 |
|
|a человек
|
| 610 |
1 |
|
|a моделирование
|
| 610 |
1 |
|
|a Россия
|
| 610 |
1 |
|
|a национальная идея
|
| 610 |
1 |
|
|a русский народ
|
| 610 |
1 |
|
|a проектные подходы
|
| 610 |
1 |
|
|a социологические подходы
|
| 610 |
1 |
|
|a семья
|
| 610 |
1 |
|
|a историческое сознание
|
| 610 |
1 |
|
|a управление
|
| 610 |
1 |
|
|a русский мир
|
| 610 |
1 |
|
|a SWOT-анализ
|
| 610 |
1 |
|
|a стратегии
|
| 610 |
1 |
|
|a народы
|
| 610 |
1 |
|
|a тактика
|
| 610 |
1 |
|
|a глоболизация
|
| 686 |
|
|
|2 rubbk
|a С55.35
|
| 686 |
|
|
|2 rubbk
|a С59(2)
|
| 700 |
|
1 |
|a Макаров
|b С. В.
|g Сергей Васильевич
|
| 801 |
|
0 |
|a RU
|b 63413507
|c 20240923
|
| 942 |
|
|
|c BK
|